|
003 -Nazwa inst., której nr kontr. jest w polu 001 [,]
|
-
- @
- Nazwa instytucji, której n kontrolny jest w polu 001
- NUKAT
|
|
005 -DATA I CZAS OSTATNIEJ MODYFIKACJI [,]
|
-
- @
- pole kontrolne
- 20241231104609.0
|
|
020 -Międzynarod. znormalizowany nr książki - ISBN [ , ]
|
-
- a
- Numer ISBN
- 9788378460978
|
|
040 -Instytucja sporządzająca opis [ , ]
|
-
- a
- Instytucja, która sporządziła opis (NP)
- KR U/maj
-
- b
- Język katalogowania
- pol
-
- e
- Zasady katalogowania
- rda
-
- c
- Instytucja, która sporządziła rekord (NP)
- KR U/maj
-
- d
- Instytucja, która zmodyfikowała rekord (P)
- KR U/majs
-
- d
- Instytucja, która zmodyfikowała rekord (P)
- WR 037/EM
-
- d
- Instytucja, która zmodyfikowała rekord (P)
- Ł 68/MN
|
|
041 -Język dokumentu [1, ]
|
-
- a
- Język tekstu (P)
- polski
-
- h
- Język tekstu oryginalnego i/lub pośredniego (P)
- niemiecki
|
|
942 -Rodzaj dokumentu [ , ]
|
-
- c
- Rodzaj dokumentu
- Książka
|
|
245 -Strefa tytułu i oznaczenia odpowiedzialności [1,0]
|
-
- a
- Tytuł
- Żegnaj, cukrzyco :
-
- b
- Ciąg dalszy tytułu (NP)
- porady dla diabetyków i dla tych, którzy nie chcą nimi zostać /
-
- c
- Pozostałe elementy strefy tytułu i oznaczenia odpowiedzialności (NP)
- Hardy Walle, Uwe Gröber, Jörg Spitz ; współpraca Peter Heilmeyer, Angelika Spitz ; redakcja naukowa: Irena Toporowska-Kłoczko ; tłumaczenie: Agata Janiszewska.
|
|
246 -Wariant tytułu [1, ]
|
-
- i
- Tekst wyświetlany na ekranie monitora (NP)
- Tytuł oryginału:
-
- a
- Tytuł (NP)
- Diabetes adé :
-
- b
- Ciąg dalszy tytułu (NP)
- mach einfach mit
|
|
246 -Wariant tytułu [3,0]
|
-
- a
- Tytuł (NP)
- Porady dla diabetyków i dla tych, którzy nie chcą nimi zostać
|
|
250 -Strefa wydania [ , ]
|
-
- a
- Oznaczenie wydania (NP)
- Wydanie I polskie.
|
|
260 -Strefa adresu wydawniczego [ , ]
|
-
- a
- Miejsce wydania (P)
- Wrocław :
-
- b
- Nazwa wydawcy (P)
- MedPharm Polska,
-
- c
- Data wydania (P)
- © copyright 2019.
|
|
700 -Hasło dodatkowe - nazwa osobowa [1, ]
|
-
- a
- Nazwa osobowa (NP)
- Janiszewska, Agata.
-
- e
- Określenie rodzaju współpracy
- Tłumaczenie
-
|
|
700 -Hasło dodatkowe - nazwa osobowa [1, ]
|
-
- a
- Nazwa osobowa (NP)
- Toporowska-Kłoczko, Irena.
-
- e
- Określenie rodzaju współpracy
- Redakcja
-
|
|
700 -Hasło dodatkowe - nazwa osobowa [1, ]
|
-
- a
- Nazwa osobowa (NP)
- Gröber, Uwe
-
- d
- Daty biograficzne (NP)
- (1964- ).
-
- e
- Określenie rodzaju współpracy
- Autor
-
|
|
700 -Hasło dodatkowe - nazwa osobowa [1, ]
|
-
- a
- Nazwa osobowa (NP)
- Spitz, Jörg
-
- d
- Daty biograficzne (NP)
- (1943- ).
-
- e
- Określenie rodzaju współpracy
- Autor
-
|
|
700 -Hasło dodatkowe - nazwa osobowa [1, ]
|
-
- a
- Nazwa osobowa (NP)
- Heilmeyer, Peter.
-
- e
- Określenie rodzaju współpracy
- Autor
-
|
|
700 -Hasło dodatkowe - nazwa osobowa [1, ]
|
-
- a
- Nazwa osobowa (NP)
- Spitz, Angelika.
-
- e
- Określenie rodzaju współpracy
- Autor
-
|
|
710 -Hasło dodatkowe - nazwa ciała zbiorowego [2, ]
|
-
- a
- Nazwa ciała zbiorowego lub nazwa geograficzna jako pierwszy element (NP)
- MedPharm Polska.
-
- e
- Rodzaj współpracy
- Wydawca
-
-
|